000 01490cam a2200397 a 4500
001 8302
003 FISKH
005 20250908153214.0
008 080731s2009 mnua j 000 0 eng
010 _a 2008032047
020 _a9781434211941
_qlibrary binding
020 _a9781434213921
020 _a9781434213921
_qpbk.
035 _a15390703
040 _aDLC
_cDLC
_dDLC
_beng
042 _alcac
050 0 0 _aPZ7.7.P44
_bRap 2009
082 0 0 _a741.5/973
_222
100 1 _aPeters, Stephanie True,
_d1965-
245 1 0 _aRapunzel :
_bthe graphic novel /
_cretold by Stephanie Peters ; illustrated by Jeffrey Stewart Timmins.
260 _aMinneapolis :
_bStone Arch Books,
_c2009.
300 _a33 pages :
_bcolor illustrations ;
_c26 cm
490 0 _aGraphic spin
505 _aM
520 _a"Long ago, a beautiful maiden named Rapunzel lived a life of loneliness. Taken at birth by an evil witch, she remained hidden, locked within a giant tower. Then one day, a prince heard her voice through the forest. To reach her, he must climb Rapunzel's lovely locks and avoid being caught by the witch"--Unedited summary from book.
521 _a530
_bLexile GN
521 _aM
_bRaz-Plus
650 1 _aGraphic novels.
650 1 _aFairy tales.
650 1 _aFolklore
_zGermany.
655 0 _aGraphic novels.
700 1 _aTimmins, Jeffrey Stewart,
_eillustrator
906 _a7
_bcbc
_corignew
_d1
_eecip
_f20
_gy-gencatlg
942 _2ddc
_cBK
_n0
999 _c8302
_d8302